000 00526cam a22001818a 4500
020 _a9781845938109 (alk. paper)
082 0 0 _a631.1926
_bSUN/BE
245 0 0 _aBeneficial microorganisms in agriculture, food and the environment :
260 _aOxfordshire, UK :
_bCAB International,
_cc2012.
300 _ap. ;
650 1 2 _aEnvironmental Microbiology.
650 2 2 _aFood Safety
650 2 2 _aModels, Immunological.
700 1 _aSundh, Ingvar.
700 1 _aWilcks, Andrea.
700 1 _aGoettel, Mark S.
942 _cREF
999 _c13977
_d13977